| 000 | 01349nas a2200337 i 4500 | ||
|---|---|---|---|
| 001 | 1832 | ||
| 003 | ES-MaACL | ||
| 005 | 20250724062553.0 | ||
| 007 | t| | ||
| 008 | 950801d18421844sp s|ype | 1 ||pa d | ||
| 022 | _a1577-8983 | ||
| 080 | _a008 | ||
| 245 | 0 | 0 |
_aRevista de España y del extranjero / _cdirector y redactor principal, Fermín Gonzalo Morón [e Ignacio de Ramón Carbonell]. |
| 246 | 3 | 0 | _aRevista de España y del estrangero |
| 246 | 3 | 0 | _aRevista de España y del estranjero |
| 260 |
_aMadrid : _bEstab. Tip. de la Calle del Sordo, n. 11, _c1842-1848 ( _fM. Rivadeneyra) |
||
| 300 |
_av. ; _c20 cm. |
||
| 310 |
_aQuincenal, _ben. 1842- |
||
| 362 | 0 | _aT. I (15 en. 1842)-t. IX (1844)-1848. | |
| 362 | 0 |
_aCesó con: t. 9, publ. en 1844. _zPalau. |
|
| 530 | _aDisponible en formato digital. | ||
| 555 | _aÍndices publ. en cada tomo, excepto en t. IX. | ||
| 650 | 7 |
_aCultura _2embne _9170963 |
|
| 700 | 1 |
_aMorón, Fermín Gonzalo. _983636 |
|
| 700 | 1 |
_aRamón Carbonell, Ignacio de. _9156066 |
|
| 785 | 0 | 0 |
_aRevista de España, de Indias y del extranjero _d1845 |
| 852 |
_x _x _aBA _jR-2355-70 Olim: G-1291-1306 |
||
| 856 |
_uhttp://prensahistorica.mcu.es/es/publicaciones/numeros_por_mes.cmd?idPublicacion=8066 _zBiblioteca Virtual de Prensa Histórica |
||
| 866 | 0 | _o1842-1846. | |
| 999 |
_c1832 _d1832 |
||